| 000 | 00460nam a2200181Ia 4500 | ||
|---|---|---|---|
| 005 | 20250423095327.0 | ||
| 008 | 250422s9999 xx 000 0 und d | ||
| 020 | _a9780078880087 | ||
| 050 | _aQE28 .A44/ | ||
| 100 | _aAmerican Museum of Natural History ...[et al] | ||
| 245 | 0 | _aExploring earth ; Science. Volume A | |
| 260 | _aUSA | ||
| 260 | _bMcGraw Hill Companies. | ||
| 260 | _c2012 | ||
| 300 | _a209 p | ||
| 650 | _aEarth sciences | ||
| 942 | _cBK | ||
| 999 |
_c29937 _d29937 |
||